02138 a2200253 4500020001500000020001800015082000800033090001500041100002800056245011300084250001200197260004400209300002100253500001500274520120900289700002401498700002901522700002201551856008201573856008701655942002401742999001901766952009901785 a0761959505 a978076195950204a658 c2876d28761 aRemenyi, Professor Dan.10aDoing research in business and management :ban introduction to process and method /cProfessor Dan Remenyi. a1st ed. a[S.l.] :bSage Publications Ltd,c1998. a320 p. ;c23 cm. aPaperback. aDoing Research in Business and Management provides a comprehensive overview of management research and research methodology. Taking the reader through all the major stages of the research process, this wide-ranging text introduces the key methods that are available to students as researchers in management and business. Highlighting first the different contexts and purposes, strategies and tactics, and programmes and process of management research, the authors then move on to a detailed review of the relevant research approaches and methods. They discuss the inter-relationship of theoretical and empirical research, , and how these apply in practice. The implications of using quantitative and qualitative methods are examined and the book also contains pracical advice on available analysis techniques and software packages. It concludes with a close look at how masters and doctoral degrees are evaluated by examiners, including a check list for students to ensure that they have complied with the main course requirements. Doing Research in Business and Management will be an invaluable guide and resource for students doing a taught or research- based degree in management and business studies.1 aWilliams, Dr Brian.1 aMoney, Professor Arthur.1 aSwartz, Dr Ethne.403Amazon.comuhttp://www.amazon.com/exec/obidos/ASIN/0761959505/chopaconline-20403Amazon customer reviewsuhttp://www.chopac.org/cgi-bin/tools/azrev.pl?q=0761959505 aNBScBKk658.03 REM c345366d345366 00104070aCLbCLd2013-08-28l2o658.03 REMpNBS1472r2016-01-08s2015-09-01w2013-08-28yBK